00310nam a2200121Ia 4500008004100000041000800041082001400049100002100063245003600084260003400120300002700154365000700181240624s9999 xx 000 0 und d aeng a004.6 MIL aMILLER MICHAEL A aDATA AND NETWORK COMMUNICATIONS c2004aSingaporebThomson Asia axiii, : 522 : cm. ; 24 cRS